000 00278nam a2200121Ia 4500
008 190216s9999||||xx |||||||||||||| ||und||
100 _aParvathi Ammal
245 0 _aKuttikalku Kadamkathakal
260 _bC I C C Book House
300 _a85
650 _aKathakal
942 _cBK
999 _c27753
_d27753